Statistics for European City to Country #3

Click here to take the quiz!

General Stats

  • This quiz has been taken 45 times
  • The average score is 53 of 60

Answer Stats

QuestionTileSelect% Correct
Cities in Norway.AmsterdamNo
100%
Cities in Finland.BakuNo
100%
Cities in Denmark.BerlinNo
100%
Cities in Denmark.CambridgeNo
100%
Cities in Sweden.DublinNo
100%
Cities in Finland.KievNo
100%
Cities in Sweden.LjubljanaNo
100%
Cities in Denmark.ManchesterNo
100%
Cities in Sweden.MarseillesNo
100%
Cities in Russia. (Inc. both European and Asian)MoscowYes
100%
Cities in Finland.OdessaNo
100%
Cities in Sweden.ReykjavikNo
100%
Cities in Russia. (Inc. both European and Asian)St. PetersburgYes
100%
Cities in Denmark.TalinnNo
100%
Cities in Norway.WarsawNo
100%
Cities in Denmark.WinnipegNo
100%
Cities in Denmark.CopenhagenYes
98%
Cities in Sweden.GothenburgYes
98%
Cities in Norway.HalifaxNo
98%
Cities in Norway.NuukNo
98%
Cities in Norway.PlovdivNo
98%
Cities in Sweden.SochiNo
98%
Cities in Sweden.StockholmYes
98%
Cities in Russia. (Inc. both European and Asian)UlaanbaatarNo
98%
Cities in Norway.BergenYes
95%
Cities in Finland.HelsinkiYes
95%
Cities in Denmark.İzmirNo
95%
Cities in Russia. (Inc. both European and Asian)MinskNo
95%
Cities in Russia. (Inc. both European and Asian)NovosibirskYes
95%
Cities in Norway.OsloYes
95%
Cities in Norway.TromsøYes
95%
Cities in Sweden.KrasnodarNo
93%
Cities in Russia. (Inc. both European and Asian)LvivNo
93%
Cities in Russia. (Inc. both European and Asian)TrakaiNo
93%
Cities in Denmark.AarhusYes
91%
Cities in Denmark.AalborgYes
86%
Cities in Russia. (Inc. both European and Asian)IrkutskYes
86%
Cities in Norway.NikkoNo
86%
Cities in Russia. (Inc. both European and Asian)KrasnoyarskYes
84%
Cities in Finland.TomskNo
84%
Cities in Finland.TurkuYes
84%
Cities in Sweden.UppsalaYes
84%
Cities in Sweden.BaltiNo
82%
Cities in Denmark.EsbjergYes
82%
Cities in Denmark.IvaloNo
82%
Cities in Finland.AkureyriNo
80%
Cities in Finland.NarvaNo
80%
Cities in Russia. (Inc. both European and Asian)MogilevNo
77%
Cities in Finland.TampereYes
77%
Cities in Russia. (Inc. both European and Asian)UfaYes
75%
Cities in Denmark.OdenseYes
73%
Cities in Finland.OuluYes
70%
Cities in Sweden.VisbyYes
70%
Cities in Russia. (Inc. both European and Asian)SamaraYes
68%
Cities in Norway.HaugesundYes
66%
Cities in Finland.RovaniemiYes
66%
Cities in Sweden.UmeaYes
66%
Cities in Finland.JyvaskylaYes
64%
Cities in Norway.DrammenYes
59%
Cities in Norway.LarvikYes
55%

Score Distribution

Percentile by Number Answered

Percent of People with Each Score

Your Score History

You have not taken this quiz